• 首页
  • 本馆介绍
  • 公告通知
  • 最新文献
  • 馆藏检索
  • 电子资源
  • 读者导购
  • 参考咨询
  • 我的图书馆
  • 登录
  • 详细信息显示
  • 放入我的书架
  • 预约/预借图书
  • 作者相关作品
  • 分类相关作品
  • 丛书相关作品
  • 出版社相关作品

书目信息

  • 表格格式
  • 工作单格式
  • 卡片格式
题名:
商鞅
    
 
作者: 张茜 著
分册:  
出版信息: 沈阳   辽海出版社  2016
页数: 190页
开本: 23cm
丛书名: 中外巨人传
单 册:
中图分类: B226.25
科图分类:
主题词:
电子资源:
ISBN: 978-7-5451-3152-9
000 00833oam2 2200241 450
001 2335596437
005 20231117152045.41
010    @a978-7-5451-3152-9@dCNY29.80
100    @a20190510d2016 em y0chiy0110 ea
101 0  @achi
102    @aCN@b210000
105    @ay z 000yb
200 1  @a商鞅@Ashang yang@f张茜著
210    @a沈阳@c辽海出版社@d2016
215    @a190页@d23cm
225 2  @a中外巨人传
330    @a商鞅(前395~前338年),战国时代政治家,著名法家代表人物。卫国国君的后裔,姬姓,公孙氏,故称为卫鞅,又称公孙鞅,后封于商,后人称之商鞅。在秦国执政十九年,秦国大治,史称商鞅变法。著有《商君书》。
410  0 @12001 @a中外巨人传
600  0 @c(战国)@a商鞅@f(约公元前390~前338)@x传记@3A9655797
690    @aB226.25@v5
701  0 @a张茜@Azhang qian@4著
801  0 @aCN@b91MARC@c20190510
905    @aZUCC@dB226.25@e4
    
    商鞅/张茜著.-沈阳:辽海出版社,2016
    190页;23cm.-(中外巨人传)
    
    
    ISBN 978-7-5451-3152-9:CNY29.80
    商鞅(前395~前338年),战国时代政治家,著名法家代表人物。卫国国君的后裔,姬姓,公孙氏,故称为卫鞅,又称公孙鞅,后封于商,后人称之商鞅。在秦国执政十九年,秦国大治,史称商鞅变法。著有《商君书》。
●
相关链接 在五车中查询图书 在当当中查询图书 在豆瓣中查询图书


正题名:商鞅     索取号:B226.25/4         预约/预借

序号 登录号 条形码 馆藏地/架位号 状态 备注
1 2000990376   2000990376   培训中心一楼图书角/四1架B面3层2列/ [索取号:B226.25/4] 在馆    
2 2000990377   2000990377   培训中心一楼图书角/四1架B面3层2列/ [索取号:B226.25/4] 在馆    
3 2000990378   2000990378   培训中心一楼图书角/四1架B面3层2列/ [索取号:B226.25/4] 在馆    
4 2000990379   2000990379   第四书库/四1架B面3层2列/ [索取号:B226.25/4] 在馆    
5 2000990380   2000990380   第四书库/四1架B面3层2列/ [索取号:B226.25/4] 在馆    
6 2000990381   2000990381   第四书库/四1架B面3层2列/ [索取号:B226.25/4] 在馆    
山东省滨州职业学院图书馆 欢迎您!
大连网信软件有限公司© 版权所有